| 000 | 00645nam a2200217 u 4500 | ||
|---|---|---|---|
| 005 | 20240228063746.0 | ||
| 008 | 170118s2005 r 000 0 eng d | ||
| 020 | _a8489804931 | ||
| 035 | _aUPN01000215352 | ||
| 049 | _aI | ||
| 050 | 4 |
_aPZ38 _bM6.5 |
|
| 100 | 1 |
_aMorgenstern, Christian, _d1871-1914 _937265 |
|
| 245 | 1 | 3 |
_aEl moco / _cChristian Morgenstern ; il. Norman Junge. |
| 260 |
_aSalamanca, Esp. : _bLóguez. _c2005. |
||
| 300 |
_a18 p. : _bil. |
||
| 650 | 0 |
_aLiteratura infantil alemana _99171 |
|
| 650 | 4 |
_aRimas infantiles _910247 |
|
| 650 | 7 |
_aLibros ilustrados para niños _2 _921365 |
|
| 905 | _aInfantil | ||
| 999 |
_c187452 _d187452 |
||